Mushirul Hasan Omnibus (Record no. 16537)
[ view plain ]
| 000 -LEADER | |
|---|---|
| fixed length control field | 00619nam a2200241 a 4500 |
| 020 ## - INTERNATIONAL STANDARD BOOK NUMBER | |
| ISBN | 9780198070016 |
| 082 00 - DEWEY DECIMAL CLASSIFICATION NUMBER | |
| Classification number | 323.39710954 |
| Author Cutter | MUS8 |
| 100 ## - MAIN ENTRY--AUTHOR NAME | |
| Author name | Mushirul, Hasan |
| 245 ## - TITLE STATEMENT | |
| Title | Mushirul Hasan Omnibus |
| 260 ## - PUBLICATION, DISTRIBUTION, ETC. (IMPRINT) | |
| Place of publication | Londan |
| Name of publisher | Oxford University Press |
| Year of publication | 2010 |
| 300 ## - PHYSICAL DESCRIPTION | |
| Number of Pages | 383p |
| 500 ## - GENERAL NOTE | |
| General note | includes index and biblioraphy |
| 505 2# - FORMATTED CONTENTS NOTE | |
| Formatted contents note | Seclect Bibliography, Index |
| 650 ## - SUBJECT ADDED ENTRY--TOPICAL TERM | |
| Topical Term | Muslims-India |
| 942 ## - ADDED ENTRY ELEMENTS (KOHA) | |
| Koha item type | Books |
| 700 1# - | |
| -- | Mushirul, Hasan |
| Collection code | Home library | Current library | Date acquired | Cost, normal purchase price | Full call number | Accession Number | Koha item type |
|---|---|---|---|---|---|---|---|
| Henry Martyn Institute Library | Henry Martyn Institute Library | 01/10/2012 | 1195.00 | 323.39710954 MUS8 | 023797 | Books |
